000 00538cam a2200217ua 4500
001 12047
005 20260515114830.0
008 200211n ii |||gr||||Z||||||eng
020 _a8175810130
040 _cMAIN
041 _aeng
082 _a822
100 _aChristopher Marlowe,
_eAuthor.
245 _aTragical history of Doctor Faustus
_cEd. by Ramji Lal
250 _a47th ed.
260 _aNew Delhi:
_bRama brothers,
_c2019.
300 _a278p.
653 _aEnglish drama
700 _aRamji Lal,
_eEditor.
942 _cBK
999 _c10818
_d10818